| 000 | 02224nam a2200205Ia 4500 | ||
|---|---|---|---|
| 003 | OSt | ||
| 005 | 20250210161630.0 | ||
| 008 | 210210b19923 xxu||||| |||| 00| 0 eng d | ||
| 040 | _cAL | ||
| 041 | _aKannada | ||
| 082 | _aK894.3 CHAJ | ||
| 100 |
_aCHANDRASHEKHARA KAMBARA. _9170071 _dಚಂದ್ರಶೇಖರ ಕಂಬಾರ |
||
| 245 |
_aG K mastarara pranaya prasanga. _bಜಿ ಕೆ ಮಾಸ್ತರರ ಪ್ರಣಯ ಪ್ರಸಂಗ |
||
| 260 |
_aSagara _bAkshara Prakashana _c19923 |
||
| 300 | _a64 | ||
| 520 | _aಚಂದ್ರಶೇಖರ ಕಂಬಾರರ ಕಿರುಕಾದಂಬರಿ ’ಜೀಕೆ ಮಾಸ್ತರರ ಪ್ರಣಯ ಪ್ರಸಂಗ’. ಪ್ರೀತಿ-ಪ್ರೇಮ-ಪ್ರಣಯ ಪ್ರಸಂಗವನ್ನು ನವಿರಾದ ಭಾಷೆಯಲ್ಲಿ ಚಿತ್ರಿತವಾಗಿದೆ. ವಿದ್ಯಾರ್ಥಿಗಳಿಗೆ ಪ್ರಿಯರಾಗಿದ್ದ ಜೀಕೆ ಮಾಸ್ತರರು ಪ್ರೀತಿಯ ಸುಳಿಗೆ ಸಿಲುಕಿದ ಪ್ರಸಂಗ ಕಥಾಹಂದರದಲ್ಲಿದೆ. ಕಾದಂಬರಿಯ ಒಂದು ಭಾಗ ಅದರ ಸ್ವರೂಪವನ್ನು ನೀಡುತ್ತದೆ. ’ಪ್ರೇಮಕ್ಕೆ ದಿವ್ಯಶಕ್ತಿಯನ್ನಿತ್ತು ಅದನ್ನು ಮಾನವ ಹೃದಯದಲ್ಲಿಟ್ಟ ಶಿವಲಿಂಗ ದೇವರ ಮಹಿಮೆಗೆ ಶರಣು ಹೇಳೋಣ. ಒಣ ನೆಲದಲ್ಲಿ ನೀರು ಚಿಮ್ಮೋದನ್ನು, ಉಸುಕಿನಲ್ಲಿ ಹಸಿರಾಡೋದನ್ನು, ಕಲ್ಲು ಕರಗುವುದನ್ನು ನಾವು ಪವಾಡ ಎನ್ನುತ್ತೇವೆ. ಜೀಕೆ ಮಾಸ್ತರರ ಹೃದಯದಲ್ಲಿ, ಅದು ಅಂಥ ವಯಸ್ಸಾದ ಹೃದಯದಲ್ಲಿ, ಪ್ರೇಮ ಪಲ್ಲವಿಸಿದ್ದನ್ನ, ಅದು ಹಾಹಾ ಅನ್ನುವುದರೊಳಗೆ ಹಬ್ಬಿ ಹೂ ಬಿಟ್ಟದ್ದನ್ನ ಪವಾಡವೇ ಎಂದು ನಾವು ಹೇಳಬಯಸುತ್ತೇವೆ..’ | ||
| 690 |
_aKannada Fiction _9170072 |
||
| 906 | _a051748 | ||
| 942 |
_2ddc _cBK |
||
| 999 |
_c100266 _d100266 |
||